Life sense part 2 [ our lives through animal eyes
| Format: | Book |
|---|---|
| Published: |
London :
BBC Video ,
1992
|
| Subjects: |
MARC
| LEADER | 00000cam a2200000 7i4500 | ||
|---|---|---|---|
| 001 | 0000001982 | ||
| 002 | 000002159 | ||
| 005 | 20131104.0 | ||
| 020 | |a 000002159 | ||
| 090 | 0 | 0 | |a 591.51 |b LIF |
| 245 | 0 | 0 | |a Life sense part 2 [ |h video recording] : |b our lives through animal eyes |c narrated by Andrew Sachs |
| 260 | |a London : |b BBC Video , |c 1992 | ||
| 300 | |a 1 Video recording (175 minutes) : |b col.(PAL) | ||
| 500 | |a Library has 1 copy | ||
| 650 | 0 | 0 | |a Animal behavior |
| 999 | |a 00066 |b VIDEO |c KOLEKSI AUDIO VIDEO |e PERPUSTAKAAN KOMUNITI PETALING JAYA | ||